00317nam a2200097Ia 4500008004100000082002000041100002400061245010500085260001900190300001000209210430s9999 xx 000 0 und d a620.118 S893 F  aDr. Ab Brent Strong aFundamentals of Composites Manufacturing: Materials, Methods, and Applications cDr. Ab Brent Strong aUSAbSMEc1989 a252.p